APUSH Presidents (Dates--Presidents) - Statistics

General Stats
  • This quiz has been taken 234 times
    211 since last reset
  • The average score is 21 of 27
Answer Stats
Hint Answer % Correct
1789-1797 George Washington
99%
1797-1801 John Adams
99%
1825-1829 John Quincy Adams
99%
1801-1809 Thomas Jefferson
96%
1861-1865 Abraham Lincoln
90%
1829-1837 Andrew Jackson
90%
1933-1945 Franklin D. Roosevelt
89%
1901-1909 Theodore Roosevelt
87%
1809-1817 James Madison
85%
1961-1963 John F. Kennedy
85%
1969-1974 Richard Nixon
85%
1963-1969 Lyndon B. Johnson
81%
1817-1825 James Monroe
79%
1865-1869 Andrew Johnson
78%
1929-1933 Herbert Hoover
77%
1953-1961 Dwight Eisenhower
76%
1909-1913 William Howard Taft
75%
1945-1953 Harry S. Truman
74%
1913-1921 Woodrow Wilson
74%
1974-1977 Gerald Ford
73%
1977-1981 Jimmy Carter
71%
1923-1929 Calvin Coolidge
65%
1869-1877 Ulysses S. Grant
65%
1845-1849 James K. Polk
60%
1897-1901 William McKinley
60%
1877-1881 Rutherford B. Hayes
56%
1921-1923 Warren G. Harding
56%
No matching quizzes found
Score Distribution
Percent of People with Each Score
Percentile by Number Answered
Your Score History
You have not taken this quiz since the last reset